[Event "Siebenlehn op 13th"]
[Site "Siebenlehn"]
[Date "2012.12.30"]
[Round "7"]
[White "Juhrs, Daniel"]
[Black "Faber, Lutz"]
[Result "1/2-1/2"]
[WhiteElo "1989"]
[BlackElo "1928"]
[PlyCount "35"]
[EventDate "2012.12.27"]
[EventType "swiss"]
[EventRounds "7"]
[EventCountry "GER"]
[SourceTitle "EXT 2014"]
[Source "ChessBase"]
[SourceDate "2013.11.20"]
[SourceVersion "1"]
[SourceVersionDate "2013.11.20"]
[SourceQuality "1"]

1. d4 Nf6 2. Nf3 g6 3. Bf4 d6 4. Nbd2 Bg7 5. e3 0-0 6. h3 Re8 7. Bc4 Nc6 8. Bh2 h6 9. c3 e5 10. dxe5 dxe5 11. e4 a6 12. a4 Qe7 13. 0-0 Be6 14. Qe2 Nd7 15. Bg3 Rad8 16. Rfe1 Na5 17. Bxe6 Qxe6 18. Rad1 1/2-1/2

[Event "Siebenlehn op 13th"]
[Site "Siebenlehn"]
[Date "2012.12.28"]
[Round "3"]
[White "Juhrs, Daniel"]
[Black "Peredy, Ferenc"]
[Result "0-1"]
[WhiteElo "1989"]
[BlackElo "2175"]
[PlyCount "168"]
[EventDate "2012.12.27"]
[EventType "swiss"]
[EventRounds "7"]
[EventCountry "GER"]
[SourceTitle "EXT 2014"]
[Source "ChessBase"]
[SourceDate "2013.11.20"]
[SourceVersion "1"]
[SourceVersionDate "2013.11.20"]
[SourceQuality "1"]

1. d4 e6 2. Nf3 Nf6 3. Bf4 b6 4. e3 Be7 5. Bd3 Bb7 6. h3 0-0 7. Nbd2 c5 8. c3 d6 9. 0-0 Re8 10. Qe2 a6 11. Rfe1 Nbd7 12. Rad1 Nf8 13. Bh2 Ng6 14. dxc5 bxc5 15. Nc4 d5 16. Nce5 Bd6 17. Nxg6 Bxh2+ 18. Nxh2 hxg6 19. e4 Qb6 20. e5 Nd7 21. Nf3 a5 22. Ng5 Nf8 23. Nf3 Rab8 24. Rd2 Red8 25. Red1 Bc6 26. Bb1 Ba4 27. Bc2 Bb5 28. Bd3 Bc6 29. Bb1 Rb7 30. Bd3 Qc7 31. Qe3 Qe7 32. Qf4 Rdb8 33. b3 a4 34. Bc2 axb3 35. axb3 Ra7 36. Kh2 Ra2 37. Rb1 Ra3 38. Rbd1 Qc7 39. Kg1 Be8 40. Qe3 Nd7 41. h4 c4 42. bxc4 Qxc4 43. Qg5 Rxc3 44. Bd3 Qc7 45. h5 gxh5 46. Qxh5 f5 47. Qh2 Rb4 48. Ng5 Nf8 49. Nxe6 Nxe6 50. Bxf5 Nf8 51. Rxd5 Rc1 52. Qg3 Ba4 53. Rxc1 Qxc1+ 54. Kh2 Qh6+ 55. Bh3 Bd7 56. Rd6 Qh5 57. Qe3 Be6 58. Rd3 Bxh3 59. gxh3 Ne6 60. Rc3 Qf5 61. Qg3 Rf4 62. Kg2 Qe4+ 63. Kh2 Qxe5 64. Re3 Rxf2+ 65. Kg1 Qxg3+ 66. Rxg3 Rc2 67. Rf3 Nd4 68. Ra3 Kh7 69. Ra4 Nf3+ 70. Kf1 Kh6 71. Rf4 Ne5 72. Rf5 Nc4 73. Kg1 Kg6 74. Rb5 Kf6 75. h4 Ne5 76. h5 Nf3+ 77. Kf1 Ng5 78. Rb6+ Ne6 79. Rb3 Rh2 80. Rf3+ Ke5 81. Re3+ Kf5 82. Rf3+ Nf4 83. Ra3 Nxh5 84. Ra5+ Kg4 0-1